• 首页
  • 本馆介绍
  • 公告通知
  • 最新文献
  • 馆藏检索
  • 电子资源
  • 读者导购
  • 参考咨询
  • 我的图书馆
  • 登录
  • 详细信息显示
  • 放入我的书架
  • 预约/预借图书
  • 作者相关作品
  • 分类相关作品
  • 丛书相关作品
  • 出版社相关作品

书目信息

  • 表格格式
  • 工作单格式
  • 卡片格式
题名:
解构人体
    
 
作者: 孙韬 , 叶南 编著
分册:  
出版信息: 北京   人民美术出版社  2008
页数: 300页
开本: 26cm
丛书名:
单 册:
中图分类: J064
科图分类:
主题词: 艺用人体解剖学--高等教育--教材
电子资源:
ISBN: 978-7-102-04298-5
000 00942nam0 2200265 45
001 100916062473
005 20110111092035.13
010    @a978-7-102-04298-5@dCNY36.00
100    @a20080412e20092008ekmy0chiy0120 ea
101 0  @achi
102    @aCN@b110000
105    @ay z 000yy
106    @ar
200 1  @a解构人体@AJie Gou Ren Ti@e艺术人体解剖@EYi Shu Ren Ti Jie Pou@f孙韬,叶南编著@FSun Tao, Ye Nan Bian Zhu
210    @a北京@c人民美术出版社@d2008@h2009年8月第2次印刷
215    @a300页@c图@d26cm
300    @a普通高等教育“十一五”国家级规划教材中央美术学院造型基础系列教材
330    @a本书内容包括:躯干解构、上肢解构、下肢解构、头部(经部)解构、全身解构等。
517 1  @a艺术人体解剖@AYi Shu Ren Ti Jie Pou
606 0  @a艺用人体解剖学@x高等教育@j教材
690    @aJ064@v4
701  0 @a孙韬@ASun Tao@4编著
701  0 @a叶南@AYe Nan@4编著
801  0 @aCN@bSYL@c20110111
905    @b205967907-952@h596790-95@dJ064@e248@f6
    
    解构人体:艺术人体解剖/孙韬,叶南编著.-北京:人民美术出版社,2008(2009年8月第2次印刷)
    300页:图;26cm
    普通高等教育“十一五”国家级规划教材中央美术学院造型基础系列教材
    
    ISBN 978-7-102-04298-5:CNY36.00
    本书内容包括:躯干解构、上肢解构、下肢解构、头部(经部)解构、全身解构等。
●
相关链接 在E读中查询图书 在五车中查询图书 在当当中查询图书 在豆瓣中查询图书


正题名:解构人体     索取号:J064/248         预约/预借

序号 登录号 条形码 馆藏地/架位号 状态 备注
1 596790   205967907   第一样本阅览室/ [索取号:J064/248] 在馆    
2 596791   205967916   第一借阅区/ [索取号:J064/248] 在馆    
3 596792   205967925   第一借阅区/ [索取号:J064/248] 在馆    
4 596793   205967934   第一借阅区/ [索取号:J064/248] 在馆    
5 596794   205967943   第一借阅区/ [索取号:J064/248] 在馆    
6 596795   205967952   第一借阅区/ [索取号:J064/248] 在馆    
唐山师范学院图书馆 欢迎您!
大连网信软件有限公司© 版权所有